Регионална библиотека "Любен Каравелов" - Русе

Профилактика на гръбначни изкривявания (Запис номер 361348)

MARC детайли
000 -Лидер
Контролно поле с фиксирана дължина nam a22 c 4500
003 - Код на организацията, давaща контролен номер
Контролно поле BLK
005 - Дата и час на последна редакция
Контролно поле 20230201133427.0
008 - Елементи от данни с фиксирана дължина
fixed length control field 200315b bul|||||r ||||||| ||bul||
010 ## - Наследен системен номер
LC control number KNG00122268RET
040 ## - Източник на каталожния запис
Идентификатор на билиотеката - собственик на записа BLK
041 ## - Код за език
Код за езика на текст/звукозапис или на отделно заглавие Български
Код за езика КДБФ Български
080 ## - УДК
УДК код - определител по УДК 615.81/.82
УДК определител (02)
УДК - код + определител 615.81/.82(02)
080 ## - УДК
Текстов определител УДК Болести на костите. Остеология - Фрактури на костите, калус, остит, остеомиелит, костна туберкулоза;смущенията във вкостяването(рахит, акромегалия), остеопороза, остеомалация;болестите на надкостницат
УДК код - определител по УДК 616.71
УДК определител (02)
УДК - код + определител 616.71(02)
100 1# - Редна дума - Автор
Автор Черногорова, Сима
Авторска отговорност Първи автор
R(LIN) 410378
139 ## - Редно поле
Редна дума Черногорова, Сима и др.
245 10 - Сведения за заглавието
Заглавие Профилактика на гръбначни изкривявания
Подзаглавни данни [Ръководство]
Редно поле (дума) Сима Черногорова; съавт. Лидия Разсолкова; съавт. Гена Цакова; Под ред. на Сима Черногорова.
257 ## - Страна на издаване
Страна на създаване/издаване България
260 ## - Област на издателските данни
Място на издаване, разпространение и проч. София
Име на издателя, разпространителя и проч. Медицина и физкултура
Година на издаване 1985
Печатница Пловдив : Д. Благоев
300 ## - Физическа характеристика
Страници 104 с.
Илюстрации и др. с ил.
Размери/Мащаб 20 см
380 ## - Жанр
Жанр Медицина
500 ## - Общи забележки
Забележка Авт. не са отбелязани на кор.
650 #7 - Допълнително описание по предмет – тема
9 (RLIN) 160347
Основно описание – тема или топоним Лечебна физкултура - при гръбначни изкривявания
653 #7 - Ключова дума – ненормативна
Ключова дума гръбначен стълб
9 (RLIN) 184448
653 #7 - Ключова дума – ненормативна
Ключова дума болести
9 (RLIN) 182223
653 #7 - Ключова дума – ненормативна
Ключова дума профилактика
9 (RLIN) 194817
700 1# - Други автори (авторска отговорност)
Лично име Разсолкова, Лидия
Автороска отговорност (Описва отношението между автора и произведението) Съавт.
9 (RLIN) 114510
700 1# - Други автори (авторска отговорност)
Лично име Цакова, Гена
Пълна форма на името Маркова, Гена Цекова
9 (RLIN) 410379
700 1# - Други автори (авторска отговорност)
Лично име Черногорова, Сима
Автороска отговорност (Описва отношението между автора и произведението) Под ред. на
9 (RLIN) 410378
852 ## - Местоположение
Форматна сигнатура Цб 138772
Фондова буква Хранилище
856 4# - Електронен адрес и достъп
Електронен формат pdf - файл
Път до файла /url/
856 4# - Електронен адрес и достъп
Електронен формат pdf - файл
Път до файла /url/
999 ## - СИСТЕМНИ КОНТРОЛНИ НОМЕРА
Koha biblionumber 361348
Koha biblioitemnumber 361348
942 ## - АРТИКУЛИ
Вид на библиотечния материал Книги
Скрит в OPAC Не
Периодичен библиозапис Да
944 ## - СЪЗДАВАНЕ И РЕДАКЦИЯ на ЗАПИСА
Създаване/Редакция Създаване
Дата на регистрацията/редакция 2020-05-11
Служител, извършил регистрацията/редакцията Христина Везирева
944 ## - СЪЗДАВАНЕ И РЕДАКЦИЯ на ЗАПИСА
Създаване/Редакция Създаване
Дата на регистрацията/редакция 2020-05-11
Служител, извършил регистрацията/редакцията Христина Везирева
999 ## - СИСТЕМНИ КОНТРОЛНИ НОМЕРА
Koha biblioitemnumber 447356
Наличности
Код за отписване Код за изгубен артикул Източник на класификационната схема Код за повреда Коз за рестрикции Код за отдаване Артикулен № Име на библиотеката - собственик Име на библиотеката, в която се намира в момента Статус (Текущо местоположение) Дата на вписване в системата Местоположение - отдел Цена в лева Инвентарен номер Систематично азбучна сигнатура Баркод Цена в евро Служебен тип на артикула
  Не е изгубен Universal Decimal Classification Не е повреден без рестрикции ползва се в читалня 774463 Регионална библиотека "Любен Каравелов" Русе Регионална библиотека "Любен Каравелов" Русе Хранилище 2020-06-05 Хранилище 0.73 439861 Цб 138772 900000004684 0.37 Книги
Vip Innovations Ltd, Rousse, Bulgaria 2025